000
00447nam a2200145Ia 4500
008
100122s9999 xx 000 0 und d
082
_b
59372
_a
822
100
_a
चिखले सुरेश
245
_a
खंडोबाचं लगीन
260
_b
समाधी प्रकाशन
_c
2000
300
_a
64
630
_a
खंडोबाचं लगीन
730
_a
खंडोबाचं लगीन
942
_c
BOOK
999
_c
434969
_d
434966